00847nam a2200241 a 450000100100000000500170001000800410002704000250006808200150009310000270010824500550013525000110019026000660020130000280026749000280029550000410032350000350036471000310039983000360043004900090046695201130047599900170058800002418620200930022806.0110120s1973 xxua r 000 | spa d aDO-SdBNPbspacBNPHU axxxbL673a1 aLewis, Ralph M.94188813aEl ayer tiene mucho qué decir /cRalph M. Lewis. a2a ed. aSan José, California :bGran Logia Suprema de Amorc,c1973. a405 p. :ail. ;a20 cm.1 aRosicrucian libraryv32 aIncluye referencias bibliográficas aIncluye glosario de términos2 aBiblioteca Rosacruz949670 0aRosicrucian library,v32949671 aBNGR 001050718MOaGRbGRcCTd2011-01-20iLF1l0oxxx L673ap24186-10r2020-06-25w2020-06-25y1ZNo se presta c23680d23680